RICH DAD S BEFORE YOU QUIT YOUR JOB (Record no. 32863)

MARC details
000 -LEADER
fixed length control field 00260nam a2200109Ia 4500
008 - FIXED-LENGTH DATA ELEMENTS--GENERAL INFORMATION
fixed length control field 240625s9999 xx 000 0 und d
041 ## - LANGUAGE CODE
Language code of text/sound track or separate title eng
082 ## - DEWEY DECIMAL CLASSIFICATION NUMBER
Classification number 828 KIY
100 ## - MAIN ENTRY--PERSONAL NAME
Personal name KIYOSAKI ROBERT T
245 ## - TITLE STATEMENT
Title RICH DAD S BEFORE YOU QUIT YOUR JOB
365 ## - TRADE PRICE
Currency code RS
Price amount 5
Holdings
Withdrawn status Lost status Damaged status Not for loan Home library Current library Shelving location Date acquired Source of acquisition Cost, normal purchase price Full call number Barcode Date last seen Copy number Price effective from Koha item type
        IMTN IMTN Rack 42-A 09/30/2014 RW 499.00 828 KIY AB50 06/25/2024 1 06/25/2024 AB
Designed & Maintained by: LRC IMT Nagpur Contact: lrc@imtnag.ac.in© 2024. All Rights Reserved.